000 00580cam a2200217ua 4500
001 9383
008 150821n ii |||gr||||Z||||||eng
020 _a8173394040
040 _cMAIN
041 _aeng
082 _a301
100 _aAhmed, Gyasuddin,
_eAuthor.
245 1 0 _aHigher secondary sociology (for second year)
_cby Gyasuddin Ahmed
250 _a2nd rev. ed.
260 _aDibrugarh:
_bBanalata,
_c2008.
300 _a176p.
653 _aSociology & anthropology
700 _aSaikia, Jyotiprasad,
_eAuthor.
700 _aBorgohain, Himanta,
_eAuthor.
942 _cBK
999 _c8441
_d8441